Did that just happen?! : beyond "diversity"--creating sustainable and inclusive organizations /

Bibliographic Details
Main Author: Pinder-Amaker,Stephanie, 1960- (Author)
Format: Book
Published: Boston Beacon Press 2021
Subjects:
LEADER 01059cam a2200325 7i4500
001 0000072707
005 20251117090000.0
008 251117t2021 mau# e # 1 eng#d
020 # # |a 9780807035887  
040 # # |a BK 
082 0 # |a 658.3008 
090 0 # |a 658.3008   |b PIN 
100 1 # |a Pinder-Amaker,Stephanie,   |d 1960-   |e author 
245 1 0 |a Did that just happen?! :   |b beyond "diversity"--creating sustainable and inclusive organizations /   |c Stephanie Pinder-Amaker,PhD,and Lauren Wadsworth,PhD.. 
264 # 1 |a Boston  |b Beacon Press  |c 2021 
264 # 4 |c ♭2021 
300 # # |a xi, 203 pages;   |c 22cm. 
336 # # |a text  |2 rdacontent 
337 # # |a unmediated  |2 rdamedia 
338 # # |a volume  |2 rdacarrier 
504 # # |a Includes bibliographical references 
583 # # |a LULUS 
650 2 0 |a Intercultural communication  
650 1 0 |a Diversity in the workplace  
650 2 0 |a Discrimination in employment  
650 2 0 |a Racism  
650 2 0 |a Multiculturalism  
997 # # |a BK 
998 # # |a 1000072950 
999 |a 1000072950  |b BOOK  |c Main Non-Fiction  |e INTAN Bukit Kiara